000 00778nas a2200253 4500
001 BR7700455
003 BR-BrBNA
005 20231205083041.0
007 ta
008 230509b bl.|||p| |||| 00| 00por d
040 _aBR-BrBNA
_bpor
_cBiblioteca Nacional de Agricultura
041 _a(Pt)
072 _aH10
100 1 _aSeno, S.
100 1 _aOliveira, C.A.L. de
100 1 _aVelho, D.
245 1 _aAcaricidas no controle do acaro rajado Tetranychus (T.)urticae (Koch 1836), na cultura da beringela (Solanum melongena)[Brasil]
650 _aBERINJELA
650 _aACARO RAJADO
650 _aACARICIDA
773 0 _tCientifica (Brazil)
_xISSN 0100-0039
_g(1976), v. 4(3) p. 236-241
_wBR7700455
909 _a202311
_bLúcia
_c55
_dLúcia Elande
942 _2AGRIS
_n0
_cANA
999 _c96039
_d96039